Dopravno-technické riešenie s návrhom konštrukcie vozovky v záujmovom území

Saved in:
Bibliographic Details
Main Author: Hypiusová, Barbora (Author)
Other Authors: Zuzulová, Andrea (Thesis advisor)
Format: Manuscript Book
Language:Slovak
Published: 2024
Subjects:
Online Access:http://is.stuba.sk/zp/portal_zp.pl?podrobnosti=177228
https://opac.crzp.sk/?fn=detailBiblioForm&sid=AA0D9432EF6DE826CF181E4F11D3
Tags: Add Tag
No Tags, Be the first to tag this record!

MARC

LEADER 00000ntm a22000003a 4500
001 stuzp98833
003 SK-STU
005 20240920112518.9
007 ta
008 150427s2015----xo-----f-mn---000-0-slo-d
040 |a STU  |b slo 
041 0 |a slo 
100 1 |a Hypiusová, Barbora  |u 010120  |4 aut  |U SvF Stavebná fakulta  |T SvF Katedra dopravných stavieb  |X 103890  |U V120  |Y 12  |7 103890 
242 0 1 |a Traffic-technical solution with the design of the road structure in the area of interest  |y eng 
245 1 0 |a Dopravno-technické riešenie s návrhom konštrukcie vozovky v záujmovom území 
260 |c 2024 
650 4 |a dopravno-kapacitné posúdenie  |2 slo 
650 4 |a cestná svetelná signalizácia  |2 slo 
650 4 |a návrh konštrukcie vozovky  |2 slo 
650 4 |a traffic capacity assessment  |2 eng 
650 4 |a traffic light  |2 eng 
650 4 |a design of pavement structure  |2 eng 
700 1 |a Zuzulová, Andrea  |u 010120  |k Z1  |4 ths  |U SvF Stavebná fakulta  |T SvF Katedra dopravných stavieb  |X 921  |U V120  |Y 12  |7 A000000921 
856 4 |u http://is.stuba.sk/zp/portal_zp.pl?podrobnosti=177228 
856 4 |u https://opac.crzp.sk/?fn=detailBiblioForm&sid=AA0D9432EF6DE826CF181E4F11D3